| 000 | 02134cam a2200625 a 4500 | ||
|---|---|---|---|
| 001 | 21732 | ||
| 003 | VRT | ||
| 005 | 20260309105337.0 | ||
| 008 | 240313s2016 xo a a 000 j slo | ||
| 015 | _aSNBA2017/07 | ||
| 020 |
_a9788056600092 _q(viaz.) |
||
| 035 | _aurn:nbn:sk:snk-am00d5mi | ||
| 035 | _aurn:nbn:sk:snk-am3hqhj | ||
| 035 | _a3334D6DF-E66F-4BA5-B247-3813D8F39F12 | ||
| 039 | 9 |
_a202403131537 _bVLOAD _c202011121747 _dkosnk01 _c202003021124 _dAUTHORITY _c202002051910 _dVLOAD |
|
| 040 |
_aTTKJF _bslo _cTTKJF _dSNK _eAACR2 |
||
| 041 | 0 | _aslo | |
| 044 |
_axo _cSK |
||
| 072 | 7 |
_a821.162.4-3 _xSlovenská próza _2konspekt |
|
| 072 | 7 |
_a821-93 _xLiteratúra pre deti a mládež (beletria) _2konspekt |
|
| 080 |
_a821.162.4-32 _22011 |
||
| 080 |
_a82-93-053.2 _22011 |
||
| 100 | 1 |
_aŠtelbaská, Zuzana, _d1978- _4aut |
|
| 245 | 1 | 0 |
_aFilipko _cZuzana Štelbaská ; ilustrovala Eva Chupíková |
| 250 | _a1. vyd. | ||
| 260 |
_aV Bratislave _bAlbatros _bAlbatros Media Slovakia _c2016 |
||
| 300 |
_a76 s. _bilustr. _c20 cm |
||
| 500 | _aVydalo vydavateľstvo Albatros v Bratislave v spoločnosti Albatros Media Slovakia | ||
| 655 | 7 |
_aslovenské príbehy _2SNKPH |
|
| 655 | 7 |
_apublikácie pre deti _2SNKPH |
|
| 655 | 7 |
_aSlovak stories _2SNKPHeng |
|
| 655 | 7 |
_aChildren's literature _2SNKPHeng |
|
| 700 | 1 |
_aChupíková, Eva, _d1974- _4ill |
|
| 752 |
_aSlovensko _dBratislava |
||
| 910 | _attkjf | ||
| 910 | _apokpoh | ||
| 910 | _apppk | ||
| 910 | _asllk | ||
| 910 | _ahevk | ||
| 910 | _avthk | ||
| 910 | _abjkdg | ||
| 910 | _askpk | ||
| 910 | _abin | ||
| 910 | _atotk | ||
| 910 | _asnk | ||
| 942 |
_2ddc _cKLDE _n0 |
||
| 949 |
_62889357126 _asavukPV 29987 _bsavuk2020/1206 |
||
| 949 |
_63870A24533 _abinAU 294 _bbin24533 |
||
| 949 |
_6270001000581454 _asvkbbA 152472 _bsvkbbm 772459 |
||
| 949 |
_6273K0643745 _asvkpoA 243249 _bsvkpo639590 |
||
| 949 |
_60174030772 _alesknPRINT _blesknBD2017/23960 |
||
| 949 |
_617A1261378 _asnkSD 86388 _bsnk2017/15300 _o1413/17 _s6100:20170731 |
||
| 949 |
_617A1261379 _asnkSD 86388 D1 _bsnk2017/15301 _o1413/17 |
||
| 999 |
_c21732 _d21732 |
||